German Vocabulary "R" - Statistics

General Stats
  • This quiz has been taken 169 times
  • The average score is 13 of 28
Answer Stats
German English % Correct
regnen to rain
81%
reisen to travel
79%
Rotes Meer Red Sea
76%
Rhein Rhine
72%
reich (adjective) rich
72%
rauchen to smoke
68%
Rad wheel
68%
Ruhe silence
58%
Regierung government
50%
Rindfleisch beef
48%
Rakete rocket
48%
Rathaus town hall
48%
rückwärts backward
45%
Regal shelf
45%
Rollstuhl wheelchair
44%
Richter judge
40%
Ritter knight
38%
rechnen to calculate
35%
Riese giant
33%
Rabe raven
32%
Rhabarber rhubarb
32%
Raumschiff spaceship
32%
Rache revenge
31%
Rasenmäher lawn mower
26%
Rauschgift drug
23%
Rahmen frame
21%
Raupe caterpillar
19%
Ruß soot
8%
No matching quizzes found
Score Distribution
Percent of People with Each Score
Percentile by Number Answered
Your Score History
You have not taken this quiz